Betty #100 /

"The Big Breakup: Part 2 (Chapters 3 & 4), "Sleepy Time Gal", and "Trouble In Store".

Bibliographic Details
Corporate Author: Library Pass, LLC
Other Authors: Gladir, George (writer.)
Format: eBook
Language:English
Published: [United States] : Archie Comics, 2011.
Subjects:
Online Access:Connect to this electronic book (First time users create your free account)

MARC

Tag First Indicator Second Indicator Subfields
LEADER 00000nmm a22000001a 4500
001 in00004629613
006 m|||||o||m||||||||
007 cr|cn |||uuuuu
008 221118s2011 xxu||||do|||| ||||||eng d
005 20221207222152.2
035 |a (TxWaIVM)IV498ArBe 
040 |a TxWaIVM  |c TxWaIVM 
245 0 0 |a Betty #100 /  |c powered by Library Pass. 
260 3 |a [United States] :  |b Archie Comics,  |c 2011. 
300 |a 1 online resource. 
336 |a text  |b txt  |2 rdacontent 
337 |a computer  |b c  |2 rdamedia 
338 |a online resource  |b cr  |2 rdacarrier 
520 |a "The Big Breakup: Part 2 (Chapters 3 & 4), "Sleepy Time Gal", and "Trouble In Store". 
521 |a 2 
538 |a Requires a valid library card and registration for new users. 
538 |a Mode of access: World Wide Web. 
538 |a System requirements: Flash 10.1 or higher, Windows XP and higher, Internet Explorer 7 and higher, Firefox 3.6 and higher, Google Chrome; Max OS 10.5 and higher, Safari 4 and higher. 
650 0 |a Humor 
655 7 |a Electronic books.  |2 local 
655 7 |a Humor  |2 gsafd 
700 1 |a Gladir, George.  |e writer. 
700 1 |a Grossman, Barry.  |e artist. 
700 1 |a Yoshida, Bill.  |e artist. 
700 1 |a Lowe, John.  |e artist. 
700 1 |a Goldberg, Stan.  |e artist. 
710 2 |a Library Pass, LLC. 
856 4 0 |u http://proxy.library.tamu.edu/login?url=https://tamu.librarypass.com/product/com.iversecomics.archie.comics.betty.one.hundred.07132011  |z Connect to this electronic book (First time users create your free account)  |t 0 
955 |a Comics Plus. 
999 f f |s 2a87278a-76c1-4d8c-8273-796b16542ff3  |i d83abd0d-4d83-47d1-a8b1-bb17129974db  |t 0 
952 f f |a Texas A&M University  |b College Station  |c Electronic Resources  |d Available Online  |t 0  |h Library of Congress classification 
998 f f |t 0  |l Available Online